书目信息 |
| 题名: |
城市轨道交通影响大都市产业空间结构的机制研究
|
|
| 作者: | 周文通 著 | |
| 分册: | ||
| 出版信息: | 北京 经济管理出版社 2019 |
|
| 页数: | 192页 | |
| 开本: | 24cm | |
| 丛书名: | ||
| 单 册: | ||
| 中图分类: | U239.5 , F269.271 | |
| 科图分类: | ||
| 主题词: | 城市铁路--cheng shi tie lu--轨道交通--影响--区域产业结构--研究--北京市 | |
| 电子资源: | ||
| ISBN: | 978-7-5096-6724-8 | |
| 000 | 01509nam0 2200277 450 | |
| 001 | 2351415302 | |
| 005 | 20231224151139.99 | |
| 010 | @a978-7-5096-6724-8@dCNY59.00 | |
| 100 | @a20191108d2019 em y0chiy50 ea | |
| 101 | 0 | @achi |
| 102 | @aCN@b110000 | |
| 105 | @ak a 000yy | |
| 200 | 1 | @a城市轨道交通影响大都市产业空间结构的机制研究@Acheng shi gui dao jiao tong ying xiang da du shi chan ye kong jian jie gou de ji zhi yan jiu@e以北京市为例@d= Study on the mechanism of urban rail transit influence industrial spatial structure of Metropolitan area@ea case study of Beijing@f周文通著@zeng |
| 210 | @a北京@c经济管理出版社@d2019 | |
| 215 | @a192页@d24cm | |
| 300 | @a本书受中央高校基本科研业务费专项资金资助项目 (2482018RC48) 的资助 | |
| 314 | @a周文通, 北京邮电大学经济管理学院讲师, 北京大学经济学博士。 | |
| 320 | @a有书目 (第161-190页) | |
| 330 | @a本书在梳理国内外交通基础设施影响大都市产业空间结构理论和研究的基础上, 从城市经济学和产业经济学的视角出发, 以北京市为例, 探讨城市轨道交通影响大都市产业空间结构的多重机制, 并分行业验证影响机制的异同。在此基础上, 对北京产业空间布局的优化路径提出对策建议。 | |
| 510 | 1 | @aStudy on the mechanism of urban rail transit influence industrial spatial structure of Metropolitan area@ea case study of Beijing@zeng |
| 606 | 0 | @a城市铁路@Acheng shi tie lu@x轨道交通@x影响@x区域产业结构@x研究@y北京市 |
| 690 | @aU239.5@v5 | |
| 690 | @aF269.271@v5 | |
| 701 | 0 | @a周文通@Azhou wen tong@4著 |
| 801 | 0 | @aCN@b湖北三新@c20191108 |
| 905 | @aBZT@dU239.5@e32 | |
| 城市轨道交通影响大都市产业空间结构的机制研究:以北京市为例= Study on the mechanism of urban rail transit influence industrial spatial structure of Metropolitan area:a case study of Beijing/周文通著.-北京:经济管理出版社,2019 |
| 192页;24cm |
| 本书受中央高校基本科研业务费专项资金资助项目 (2482018RC48) 的资助 |
| ISBN 978-7-5096-6724-8:CNY59.00 |
| 本书在梳理国内外交通基础设施影响大都市产业空间结构理论和研究的基础上, 从城市经济学和产业经济学的视角出发, 以北京市为例, 探讨城市轨道交通影响大都市产业空间结构的多重机制, 并分行业验证影响机制的异同。在此基础上, 对北京产业空间布局的优化路径提出对策建议。 |
| ● |
| 相关链接 |
|
|
|
正题名:城市轨道交通影响大都市产业空间结构的机制研究
索取号:U239.5/32
 
预约/预借
| 序号 | 登录号 | 条形码 | 馆藏地/架位号 | 状态 | 备注 |
| 1 | 2001315339 | 2001315339 | 320书库/ [索取号:U239.5/32] | 在馆 | |
| 2 | 2001315340 | 2001315340 | 320书库/ [索取号:U239.5/32] | 在馆 | |
| 3 | 2001315341 | 2001315341 | 320书库/ [索取号:U239.5/32] | 在馆 | |
| 4 | 2001315342 | 2001315342 | 320书库/ [索取号:U239.5/32] | 在馆 | |
| 5 | 2001315343 | 2001315343 | 320书库/ [索取号:U239.5/32] | 在馆 | |
| 6 | 2001315344 | 2001315344 | 320书库/ [索取号:U239.5/32] | 在馆 | |
| 7 | 2001315345 | 2001315345 | 320书库/ [索取号:U239.5/32] | 在馆 | |
| 8 | 2001315346 | 2001315346 | 320书库/ [索取号:U239.5/32] | 在馆 | |
| 9 | 2001315347 | 2001315347 | 320书库/ [索取号:U239.5/32] | 在馆 | |
| 10 | 2001315348 | 2001315348 | 320书库/ [索取号:U239.5/32] | 在馆 | |
| 11 | 2001315349 | 2001315349 | 320书库/ [索取号:U239.5/32] | 在馆 | |
| 12 | 2001315350 | 2001315350 | 216-217主题书屋/216室1架3层5列/ [索取号:U239.5/32] | 在馆 | |
| 13 | 2001315351 | 2001315351 | 216-217主题书屋/216室1架3层5列/ [索取号:U239.5/32] | 在馆 | |
| 14 | 2001315352 | 2001315352 | 216-217主题书屋/216室1架3层5列/ [索取号:U239.5/32] | 在馆 | |
| 15 | 2001315353 | 2001315353 | 216-217主题书屋/216室1架3层5列/ [索取号:U239.5/32] | 在馆 | |
| 16 | 2001315354 | 2001315354 | 216-217主题书屋/216室1架3层5列/ [索取号:U239.5/32] | 在馆 | |
| 17 | 2001315355 | 2001315355 | 216-217主题书屋/216室1架3层5列/ [索取号:U239.5/32] | 在馆 | |
| 18 | 2001315356 | 2001315356 | 320书库/ [索取号:U239.5/32] | 在馆 | |
| 19 | 2001315357 | 2001315357 | 320书库/ [索取号:U239.5/32] | 在馆 | |
| 20 | 2001315358 | 2001315358 | 320书库/ [索取号:U239.5/32] | 在馆 |